| 000 | 00956nam a22002657a 4500 | ||
|---|---|---|---|
| 999 |
_c346698 _d346698 |
||
| 003 | BLK | ||
| 005 | 20250728103857.0 | ||
| 008 | 191121b bu ||||| |||| 00| 0 bu d | ||
| 020 | _a9786197153514 | ||
| 040 | _aBLK | ||
| 041 |
_aBUL _cBUL |
||
| 080 |
_aАмериканска литература (на САЩ) _b821.111(73) _z821.111(73)-31 |
||
| 100 |
_aПарк, Джесика _eпърви автор _91299 |
||
| 139 |
_aПарк, Джесика _bП 22 |
||
| 245 |
_a[Сто и осемдесет] 180 секунди _cДжесика Парк; прев. Елка Виденова |
||
| 260 |
_9218099 _aСофия _bICU _c2019 |
||
| 300 |
_a317 с. _c21 см |
||
| 380 | _aX | ||
| 700 |
_9370686 _aВиденова, Елка Йорданова _eпрев. от англ. |
||
| 852 |
_bП _cП 820(73)-32/П 22 _aЦб 303648 |
||
| 942 |
_cKNG _n0 _s1 _042 |
||
| 999 | _d346698 | ||
| 999 | _d346698 | ||
| 944 |
_k30576 _lЦветомила Тодорова |
||